U.S. and the Arctic in the last two decades

Význam regiónu a príležitosti a výzvy pri jeho správe. USA a predsedníctvo Arktickej rady. Vyjednávanie o medzinárodnej zmluve Dohovor Organizácie Spojených národov o morskom práve, UNCLOS.

Saved in:
Bibliographic Details
Main Author: Czarny, Roman S.
Format: Book Chapter
Language:English
Subjects:
Tags: Add Tag
No Tags, Be the first to tag this record!

MARC

LEADER 00000naa a2200000 4500
001 0220162
005 20221019173728.4
041 0 |a eng 
044 |a SK 
245 1 0 |a U.S. and the Arctic in the last two decades  |c Roman S. Czarny 
520 |a Význam regiónu a príležitosti a výzvy pri jeho správe. USA a predsedníctvo Arktickej rady. Vyjednávanie o medzinárodnej zmluve Dohovor Organizácie Spojených národov o morskom práve, UNCLOS. 
610 2 0 |a stratégia bezpečnostná 
610 2 0 |a USA 
610 2 0 |a Arktída 
100 1 |a Czarny, Roman S.